Most Notable Rock & Roll Hall of Fame Snubs - Statistics

General Stats
  • This quiz has been taken 41 times
    11 since last reset
  • The average score is 67 of 140
Answer Stats
Hint Answer # of Nominations Number of Years Eligible % Correct
More Than A Feeling/ Peace of Mind Boston 0 Since 2002 (23 Years)
100%
Run To The Hills/The Number of the Beast Iron Maiden 2 Since 2005 (20 Years)
100%
Carry on Wayward Son/Dust in the Wind Kansas 0 Since 2000 (25 Years)
100%
In The Air Tonight/ Against All Odds(Take A Look At Me Now) Phil Collins 0 Since 2007 (18 Years)
100%
Africa/ Hold the Line Toto 0 Since 1998 (27 Years)
100%
We're Not Gonna Take It/I Wanna Rock Twisted Sister 0 Since 2007 (18 Years)
100%
Dancing With Myself/ White Wedding Billy Idol 1 Since 2006 (19 Years)
90%
All The Small Things/ Dammit Blink-182 0 Since 2020 (5 Years)
90%
Everything I Do (I Do It For You)/ Summer of '69 Bryan Adams 0 Since 2006 (19 Years)
90%
The Final Countdown/ Carrie Europe 0 Since 2004 (21 Years)
90%
Ace of Spades/ Overkill Motorhead 1 Since 2003 (22 Years)
90%
You're the One I Want/Physical Olivia Newton-John 0 Since 2001 (24 Years)
90%
Name/ Iris The Goo Goo Dolls 0 Since 2013 (12 Years)
90%
Pretty Fly (For A White Guy)/ The Kids Aren't Alright The Offspring 0 Since 2016 (9 Years)
90%
1979/ Today The Smashing Pumpkins 0 Since 2015 (10 Years)
90%
Say It Ain't So/ Buddy Holly Weezer 0 Since 2019 (6 Years)
90%
Take On Me/ The Sun Always Shines On T.V. A-Ha! 0 Since 2014 (11 Years)
80%
Man In The Box/ Would? Alice In Chains 0 Since 2015 (10 Years)
80%
The Heart of Rock and Roll/The Power of Love Huey Lewis 0 Since 2005 (20 Years)
80%
Take Me Home, Country Roads/ Mountain High John Denver 0 Since 1994 (31 Years)
80%
Breaking the Law/ Living After Midnight Judas Priest 3 Since 1999 (26 Years)
80%
Nookie/ Break Stuff Limp Bizkit 0 Since 2022 (3 Years)
80%
In The End/ Numb Linkin Park 0 Since 2025 (1 Year)
80%
Home Sweet Home/ Kickstart My Heart Motley Crue 0 Since 2007 (18 Years)
80%
How Your Remind Me/ Photograph Nickelback 0 Since 2020 (5 Years)
80%
Every Rose Has It's Thorn/Nothin' But A Good Time Poison 0 Since 2011 (24 Years)
80%
All Star/ Walkin' on the Sun Smash Mouth 0 Since 2022 (3 Years)
80%
Eye of the Tiger/ Burning Heart Survivor 0 Since 2005 (20 Years)
80%
Walk Like an Egyptian/Eternal Flame The Bangles 0 Since 1989 (36 Years)
80%
Zombie/ Linger The Cranberries 0 Since 2018 (7 Years)
80%
I'm A Believer/ Daydream Believer The Monkees 0 Since 1991 (34 Years)
80%
Y.M.C.A./ In The Navy The Village People 0 Since 2003 (22 Years)
80%
Wake Me Up Before You Go-Go/Everything She Wants Wham! 0 Since 2006 (19 Years)
80%
Do You Really Wanna Hurt Me/ Karma Chameleon Culture Club 0 Since 2007 (18 Years)
70%
Down With The Sickness/ The Sound of Silence | The Sound of Silence/Down With the Sickness Disturbed 0 Since 2025 (1 Year)
70%
The Beautiful People/Tourniquette Marilyn Manson 0 Since 2019 (6 Years)
70%
Cum On Feel The Noize/ Metal Health (Bang Your Head) Quiet Riot 0 Since 2003 (22 Years)
70%
Keep On Lovin' You/Can't Fight This Feeling Anymore REO Speedwagon 0 Since 1996 (29 Years)
70%
Never Gonna Give You Up/ Together Forever Rick Astley 0 Since 2011 (14 Years)
70%
Rock You Like A Hurricane/Still Loving You Scorpions 0 Since 1997 (28 Years)
70%
Angel of Death/ Raining Blood Slayer 0 Since 2011 (14 Years)
70%
Chop Suey/ Toxicity System of a Down 0 Since 2024 (2 Years)
70%
Heaven/ Cherry Pie Warrant 0 Since 2014 (11 Years)
70%
Total Eclipse of the Heart/Holding Out For A Hero Bonnie Tyler 0 Since 2002 (23 Years)
60%
I'll Make Love To You/ One Sweet Day (ft. Mariah Carey) Boyz II Men 0 Since 2016 (9 Years)
60%
Holy Diver/ Don't Talk to Strangers Dio 0 Since 2008 (17 Years)
60%
Slow Ride/ Fool For the City Foghat 0 Since 1997 (28 Years)
60%
Bad To The Bone/ I Drink Alone George Thorogood 0 Since 2002 (23 Years)
60%
I Will Survive/ Never Can Say Goodbye Gloria Gaynor 0 Since 2000 (25 Years)
60%
Lust For Life/ I Wanna Be Your Dog Iggy Pop 0 Since 1996 (29 Years)
60%
Need You Tonight/ Never Gonna Tear Us Apart INXS 0 Since 2006 (19 Years)
60%
Margaritaville/ Come Monday Jimmy Buffett 0 Since 1998 (27 Years)
60%
Footloose/ Danger Zone Kenny Loggins 0 Since 2002 (23 Years)
60%
Holy Wars... The Punishment Due/ Symphony of Destruction Megadeth 0 Since 2005 (20 Years)
60%
Who Can It Be Now?/ Down Under Men At Work 0 Since 1994 (31 Years)
60%
Walk/ Cowboys From Hell Pantera 0 Since 2015 (10 Years)
60%
No One Knows/ Go With the Flow Queens of the Stone Age 0 Since 2023 (2 Years)
60%
Jessie's Girl/ I've Done Everything For You Rick Springfield 0 Since 1997 (28 Years)
60%
The Boys Are Back in Town/ Jailbreak Thin Lizzy 0 Since 1996 (29 Years)
60%
Here I Go Again/ Is This Love? Whitesnake 0 Since 1987 (38 Years)
60%
More Than Words/ Hole Hearted Extreme 0 Since 2022 (3 Years)
50%
Cult of Personality/ Love Rears Its Ugly Head Living Colour 0 Since 2014 (11 Years)
50%
Addicted To Love/Simply Irresistable Robert Palmer 0 Since 1997 (28 Years)
50%
Your Love Is Driving Me Crazy/I Can't Drive 55 Sammy Hagar 0 Since 2001 (24 Years)
50%
Don't You (Forget About Me)/ Alive and Kicking Simple Minds 0 Since 2004 (21 Years)
50%
18 and Life/ I Remember You Skid Row 0 Since 2014 (11 Years)
50%
Duality/ Psychosocial Slipknot 0 Since 2022 (3 Years)
50%
We Built This City/ Sara Starship 0 Since 2002 (23 Years)
50%
Babe/ Mr. Roboto Styx 0 Since 1997 (28 Years)
50%
Centerfold/ Freeze Frame The J Geils Band 0 Since 1995 (30 Years)
50%
Backing band for the last question The News 0 Since 2005 (20 Years)
50%
Rock This Town/ Stray Cat Strut The Stray Cats 0 Since 1999 (26 Years)
50%
Blister in the Sun/ American Music Violent Femmes 0 Since 2008 (17 Years)
50%
Thunder Kiss '65/ More Human Than Human White Zombie 0 Since 2010 (15 Years)
50%
Take My Breath Away/ No More Words Berlin 0 Since 2003 (22 Years)
40%
1985/ Girl All The Bad Guys Want Bowling for Soup 0 Since 2019 (6 Years)
40%
Short Skirt\Long Jacket/ The Distance Cake 0 Since 2024 (1 Year)
40%
California Girls/Just Like Paradise David Lee Roth 0 Since 2007 (18 Years)
40%
Hey Man Nice Shot/ Take A Picture Filter 0 Since 2020 (5 Years)
40%
We're An American Band/The Loco-Motion Grand Funk Railroad 0 Since 1994 (31 Years)
40%
All Summer Long/ Picture (ft. Sheryl Crow) Kid Rock 0 Since 2015 (10 Years)
40%
Last Resort/ Between Angeles And Insects Papa Roach 0 Since 2025 (1 Year)
40%
Dragula/ Living Dead Girl Rob Zombie 0 Since 2023 (2 Years)
40%
The Devil Went Down To Georgia/The South's Gonna Do it Again The Charlie Daniels Band 0 Since 1997 (28 Years)
40%
Cherry Bomb/ Queens of Noise The Runaways 0 Since 1997 (28 Years)
40%
It's Not Unusual/ Green, Green Grass of Home Tom Jones 0 Since 1990 (35 Years)
40%
Mother/ Cantspeak Danzig 0 Since 2013 (12 Years)
30%
Two Tickets To Paradise/ Baby Hold On Eddie Money 0 Since 2002 (23 Years)
30%
Strangers in the Night/ Somethin' Stupid Frank Sinatra 0 Since 1973 [Opened in 1986], (52 Years)
30%
Once Bitten, Twice Shy/ Rock Me Great White 0 Since 2007 (18 Years)
30%
Step by Step/ I'll Be Loving You (Forever) New Kids On the Block 0 Since 2009 (16 Years)
30%
Since You've Been Gone/ I Surrender Rainbow 0 Since 2000 (25 Years)
30%
Round and Round/ Lay It Down Ratt 0 Since 2009 (16 Years)
30%
I Got You Babe/The Beat Goes On Sonny and Cher 0 Since 1990 (35 Years)
30%
Higher Love/ Roll With It Steve Winwood 0 Since 2002 (23 Years)
30%
What I Got/ Wrong Way Sublime 0 Since 2016 (9 Years)
30%
Modern Day Cowboy/ Love Song Tesla 0 Since 2011 (14 Years)
30%
Backing band for the last question The Destroyers 0 Since 2002 (23 Years)
30%
Mickey/ Over My Head Toni Basil 0 Since 2007 (18 Years)
30%
Wait/ When the Children Cry White Lion 0 Since 2009 (16 Years)
30%
Miss Murder/ Girl's Not Grey AFI 0 Since 2017 (8 Years)
20%
The One That You Love/Making Love Out of Nothing At All Air Supply 0 Since 2006 (19 Years)
20%
Mad House/ I Am The Law Anthrax 0 Since 2012 (13 Years)
20%
When the Going Get Tough, The Though Gets Going/Get Out of My Dreams, Get Into My Car Billy Ocean 0 Since 2002 (23 Years)
20%
Don't Know What You've Got (Till It's Gone)/Shake Me Cinderella 0 Since 2011 (14 Years)
20%
Ain't No Mountain High Enough/Reach Out and Touch (Somebody's Hand) Diana Ross 0 Since 1992 (33 Years)
20%
Pretend We're Dead/ Shove L7 0 Since 2024 (2 Year)
20%
Electric Gypsy/ Ballad of Jayne LA Guns 0 Since 2013 (12 Years)
20%
Kiss Me Deadly/ Close My Eyes Forever (ft. Ozzy Osbourne) Lita Ford 0 Since 2006 (19 Years)
20%
Broken Wings/ Kyrie Mr Mister 0 Since 2009 (26 Years)
20%
Personality Crisis/ Trash New York Dolls 3 Since 1999 (26 Years)
20%
Straight Up/ Cold Hearted Paula Abdul 0 Since 2023 (2 Years)
20%
Diana/ Put Your Head On My Shoulder Paul Anka 0 Since 1990 (35 Years)
20%
The Look/ Listen To Your Heart Roxette 0 Since 2011 (14 Years)
20%
I Touch Myself/ Pleasure and Pain The Divinyls 0 Since 2006 (19 Years)
20%
Everything About You/ Cats in the Cradle Ugly Kid Joe 0 Since 2017 (8 Years)
20%
I Wanna Be Somebody/ Blind in Texas Wasp 0 Since 2009 (16 Years)
20%
You've Lost That Lovin' Feelin'/ (I've Had) the Time of My Life (ft. #104) Bill Medley 0 Since 1993 (32 Years)
10%
Butterfly Kisses/ Father's Love Bob Carlisle 0 Since 2018 (7 Years)
10%
I Adore Mi Amore/ All 4 Love Color Me Badd 0 Since 2016 (9 Years)
10%
Alone Again/ In My Dreams Dokken 0 Since 2008 (17 Years)
10%
Love A Lifetime/ Don't Treat Me Bad Firehouse 0 Since 2015 (10 Years)
10%
Rock and Roll (Part 2)/ I'm The Leader of the Gang (I Am!) Gary Glitter 0 Since 2001 (14 Years)
10%
Whatever/ Under Your Scars Godsmack 0 Since 2025 (1 Year)
10%
Up Where We Belong (ft. Joe Cocker)/(I've Had) the Time of My Life (ft. #103) Jennifer Warnes 0 Since 1993 (32 Years)
10%
To Be With You/ Just Take My Heart Mr Big 0 Since 2014 (11 Years)
10%
Come And Get Your Love/ The Witch Queen of New Orleans Redbone 0 Since 1994 (31 Years)
10%
Story Of My Life/ Ring of Fire (Johnny Cash Cover) Social Distortion 0 Since 2013 (12 Years)
10%
Big in Japan/ Forever Young Alphaville 0 Since 2009 (16 Years)
0%
Los Angeles Is Burning/ Sorrow Bad Religion 0 Since 2006 (19 Years)
0%
Wonderful/ Everything to Everyone Everclear 0 Since 2020 (5 Years)
0%
Tragedy/ Up Around the Bend Hanoi Rocks 0 Since 2007 (18 Years)
0%
Down On Me/ When Will It Rain Jackyl 0 Since 2017 (8 Years)
0%
And I Am Telling You I'm Not Going/I Am Changing Jennifer Holiday 0 Since 2008 (17 Years)
0%
Same Old Story/ About Time Pennywise 0 Since 2016 (9 Years)
0%
Hang on Sloopy/ Rock and Roll, Hoochie Koo Rick Derringer 0 Since 1995 (30 Years)
0%
In The Mood/ Big Log Robert Plant 0 Since 2007 (18 Years)
0%
Down Down/ Caroline Status Quo 0 SInce 1993 (32 Years)
0%
Telephone Song/ Tick Tock The Vaughan Brothers 0 Since 2015 (10 Years)
0%
No matching quizzes found
Score Distribution
Percent of People with Each Score
Percentile by Number Answered
Your Score History
You have not taken this quiz since the last reset